000 00383nam a2200121Ia 4500
008 150223s9999 xx 000 0 und d
020 _a9780755319688
050 _aGV 721.5
_b.R316 2011
100 _aRedgrave, Steve.
245 _aGreat Olympic moments /
_cSteve Redgrave.
260 _aUK :
_bHeadline Publishing Group,
_c2011
300 _a188 pages :
_bColored, Illustration ;
_c25 cm.
999 _c283334
_d283334